[Event "AUTO-ADV-2484"]
[Site "http://www.queenalice.com/game.php?id=1052975"]
[Date "2012.4.26"]
[Round "1"]
[White "AgronopoulusOnassis"]
[Black "redrum"]
[Result "1-0"]
[WhiteElo "1742"]
[BlackElo "1829"]

1. e4 c6 2. d4 d5 3. exd5 cxd5 4. c4 Nf6 5. Nc3 e6 6. Nf3 Bb4 7. cxd5 Nxd5 8.
Bd2 O-O 9. Bd3 Nc6 10. O-O a6 11. a3 Nxc3 12. bxc3 Be7 13. Re1 h6 14. Qc1 Bf6
15. Bxh6 gxh6 16. Qxh6 1-0

[Event "AUTO-ADV-2484"]
[Site "http://www.queenalice.com/game.php?id=1052988"]
[Date "2012.4.26"]
[Round "1"]
[White "maurice91"]
[Black "AgronopoulusOnassis"]
[Result "0-1"]
[WhiteElo "1769"]
[BlackElo "1788"]

1. d4 Nf6 2. c4 g6 3. Nc3 Bg7 4. e4 d6 5. Be2 O-O 6. Nf3 Nbd7 7. O-O e5 8. d5
Nc5 9. Bg5 Qe8 10. Nd2 Bd7 11. Bxf6 Bxf6 12. f3 Bh4 13. g3 Bf6 14. Qe1 Bg5 15.
Kg2 Qc8 16. Kf2 f5 17. exf5 Bxf5 18. g4 Bh4+ 19. Kg2 Bxe1 20. Raxe1 Bd3 21. Bxd3
Nxd3 22. Rb1 Qd8 23. Nde4 Qh4 24. b3 Nf4+ 25. Kh1 h5 26. Rb2 Qh3 27. Ng5 Qh4 28.
Nge4 hxg4 29. fxg4 Nd3 30. Rbb1 Nf2+ 31. Nxf2 Rxf2 32. Rxf2 Qxf2 33. h3 Qf3+ 0-1

[Event "AUTO-ADV-2484"]
[Site "http://www.queenalice.com/game.php?id=1052989"]
[Date "2012.4.26"]
[Round "1"]
[White "AgronopoulusOnassis"]
[Black "maurice91"]
[Result "1-0"]
[WhiteElo "1773"]
[BlackElo "1751"]

1. e4 c6 2. d4 d5 3. exd5 cxd5 4. c4 Nf6 5. Nc3 e6 6. Nf3 dxc4 7. Bxc4 Nc6 8.
O-O Be7 9. Bb5 Bd7 10. Ne5 Nxe5 11. dxe5 Bxb5 12. Nxb5 Nd5 13. Qg4 O-O 14. Bh6
g6 15. Bxf8 Bxf8 16. Rac1 a6 17. Nc3 Ne7 18. Rfd1 Qb6 19. Na4 Qa5 20. Rc5 b5 21.
Qe4 Qxa4 22. Qxa4 bxa4 23. Ra5 Nc6 24. f4 Nb4 25. Rxa4 Nd5 26. g3 a5 27. a3 Bc5+
28. Kh1 Ne3 29. Rc1 Bb6 30. Rc6 Bd8 31. b4 Nd5 32. bxa5 Bxa5 33. Rc5 Nb6 34.
Raxa5 1-0

[Event "AUTO-ADV-2484"]
[Site "http://www.queenalice.com/game.php?id=1052996"]
[Date "2012.4.26"]
[Round "1"]
[White "LeandroMontalvao"]
[Black "AgronopoulusOnassis"]
[Result "1-0"]
[WhiteElo "1932"]
[BlackElo "1735"]

1. e4 e5 2. Nf3 Nc6 3. Bc4 Nf6 4. Ng5 d5 5. exd5 Na5 6. d3 Be7 7. Qe2 Nxd5 8.
Nxf7 Kxf7 9. Qf3+ Ke8 10. Bxd5 Bf6 11. b4 Nc6 12. Bxc6+ bxc6 13. Qxc6+ Bd7 14.
Qc5 Kf7 15. Bb2 Re8 16. O-O Kg8 17. Nd2 Be6 18. Nf3 Qd6 19. Bxe5 Bxe5 20. Nxe5
1-0

[Event "AUTO-ADV-2484"]
[Site "http://www.queenalice.com/game.php?id=1052997"]
[Date "2012.4.26"]
[Round "1"]
[White "AgronopoulusOnassis"]
[Black "LeandroMontalvao"]
[Result "0-1"]
[WhiteElo "1692"]
[BlackElo "1876"]

1. e4 c5 2. c3 e5 3. Nf3 d6 4. d4 cxd4 5. cxd4 Nd7 6. Bb5 Qf6 7. dxe5 dxe5 8.
O-O Bc5 9. Bg5 Qe6 10. Qd5 Qxd5 11. exd5 h6 12. Bh4 e4 13. Ne5 Bd4 14. Nc4 Nf6
15. Nc3 O-O 16. Ne2 Bc5 17. Bxd7 Nxd7 18. Nc3 g5 19. Bg3 f5 20. Bd6 Bxd6 21.
Nxd6 Nb6 22. Rad1 Rf6 0-1

[Event "AUTO-ADV-2500"]
[Site "http://www.queenalice.com/game.php?id=1058562"]
[Date "2012.5.11"]
[Round "1"]
[White "massimo"]
[Black "AgronopoulusOnassis"]
[Result "1-0"]
[WhiteElo "1902"]
[BlackElo "1747"]

1. e4 e5 2. Nf3 Nc6 3. Bb5 a6 4. Bxc6 dxc6 5. d3 Bg4 6. h3 Bh5 7. Nbd2 Bc5 8.
O-O Qe7 9. b3 Bd4 10. Rb1 Nf6 11. Qe1 Bc3 12. Bb2 Bxb2 13. Rxb2 Qa3 14. Nc4 Qc5
15. b4 Qe7 16. Ncxe5 Bxf3 17. Nxf3 O-O 18. e5 Nd7 19. Qe4 Rfe8 20. d4 f6 21. c3
fxe5 22. Re2 Qf7 23. Rfe1 g6 24. dxe5 Qf5 25. Qc4+ Kg7 26. Qd4 Kg8 27. e6 Nf8
28. Re5 Qf6 29. e7 1-0

[Event "AUTO-ADV-2500"]
[Site "http://www.queenalice.com/game.php?id=1058563"]
[Date "2012.5.11"]
[Round "1"]
[White "AgronopoulusOnassis"]
[Black "massimo"]
[Result "0-1"]
[WhiteElo "1756"]
[BlackElo "1885"]

1. e4 e5 2. Nf3 d6 3. d4 Nd7 4. Bb5 c6 5. Bc4 b5 6. Bb3 h6 7. O-O Ngf6 8. dxe5
dxe5 9. Nc3 b4 10. Nb1 a5 11. c3 Nxe4 12. Re1 f5 13. Bc2 bxc3 14. Nxc3 Nxc3 15.
bxc3 e4 16. Nd4 Qf6 17. Ba4 Ne5 18. f3 Bc5 19. Kh1 Nd3 20. Re2 O-O 21. Qb3+ Kh7
0-1

[Event "AUTO-ADV-2500"]
[Site "http://www.queenalice.com/game.php?id=1058576"]
[Date "2012.5.11"]
[Round "1"]
[White "AgronopoulusOnassis"]
[Black "leokhine"]
[Result "0-1"]
[WhiteElo "1803"]
[BlackElo "1821"]

1. e4 e6 2. d4 d5 3. exd5 exd5 4. Nf3 Nf6 5. Bd3 c5 6. O-O Be6 7. Re1 Be7 8.
dxc5 Bxc5 9. Ng5 O-O 10. Nxe6 fxe6 11. Rxe6 Qd7 12. Qe2 Nc6 13. Qe1 Ne4 14. Rxe4
Bxf2+ 0-1

[Event "AUTO-ADV-2500"]
[Site "http://www.queenalice.com/game.php?id=1058577"]
[Date "2012.5.11"]
[Round "1"]
[White "leokhine"]
[Black "AgronopoulusOnassis"]
[Result "1-0"]
[WhiteElo "1812"]
[BlackElo "1770"]

1. e4 e5 2. Nf3 Nc6 3. Nc3 Nf6 4. Bc4 Bc5 5. O-O O-O 6. d3 d6 7. Bg5 Bg4 8. Be3
Bxe3 9. fxe3 Na5 10. Bb3 Nxb3 11. axb3 c6 12. h3 Bh5 13. Qd2 Nd7 14. d4 Bg6 15.
d5 c5 16. Rf2 Nf6 17. Raf1 Nxe4 18. Nxe4 1-0

[Event "AUTO-ADV-2500"]
[Site "http://www.queenalice.com/game.php?id=1058578"]
[Date "2012.5.11"]
[Round "1"]
[White "AgronopoulusOnassis"]
[Black "Constante"]
[Result "0-1"]
[WhiteElo "1683"]
[BlackElo "2035"]

1. e4 c5 2. c3 Nf6 3. e5 Nd5 4. d4 d6 5. Nf3 Nc6 6. Bb5 Bg4 7. exd6 Qxd6 8.
Bxc6+ Qxc6 9. dxc5 e6 10. O-O Qxc5 11. Qd3 Bf5 12. Qd4 Qb5 13. Na3 Bxa3 14. c4
Qb6 15. cxd5 Qxd4 16. Nxd4 Bc5 17. Nxf5 exf5 18. Re1+ Kd7 19. Bf4 Bd6 20. Bxd6
Kxd6 21. Red1 Rac8 22. Rac1 Rhe8 23. Kf1 Rxc1 24. Rxc1 Re5 25. Rd1 a5 26. f4
Rxd5 27. Rxd5+ Kxd5 28. Ke2 Ke4 29. g3 f6 0-1

[Event "AUTO-ADV-2500"]
[Site "http://www.queenalice.com/game.php?id=1058579"]
[Date "2012.5.11"]
[Round "1"]
[White "Constante"]
[Black "AgronopoulusOnassis"]
[Result "1-0"]
[WhiteElo "2037"]
[BlackElo "1745"]

1. e4 e5 2. Nf3 Nc6 3. Bb5 a6 4. Ba4 Nf6 5. O-O d6 6. Re1 b5 7. Bb3 Bg4 8. c3
Be7 9. h3 h5 10. hxg4 hxg4 11. Nh2 g3 12. fxg3 Nh5 13. Qf3 f6 14. d3 Na5 15. Be6
Nb7 16. Qg4 Kf8 17. Qg6 1-0

[Event "Challenge"]
[Site "http://www.queenalice.com/game.php?id=1065561"]
[Date "2012.5.29"]
[Round "-"]
[White "AgronopoulusOnassis"]
[Black "plot24"]
[Result "0-1"]
[WhiteElo "1702"]
[BlackElo "1841"]

1. e4 e5 2. Nf3 Nc6 3. Bb5 a6 4. Bxc6 dxc6 5. O-O Bg4 6. c3 Qf6 7. Qe2 c5 8. Qe3
Nh6 9. h3 Be6 10. d4 cxd4 11. cxd4 exd4 12. Qxd4 Qxd4 13. Nxd4 Bc4 14. Re1 O-O-O
15. Bxh6 Rxd4 16. Bd2 Bd6 17. Bc3 Rd3 18. Bxg7 Rg8 19. Bf6 Rxh3 20. e5 Bc5 21.
Nc3 Bb4 22. e6 Bxe6 23. Re3 Rxe3 24. fxe3 Bxc3 25. bxc3 Bd5 26. Rd1 Bxg2 0-1

[Event "AUTO-ADV-2523"]
[Site "http://www.queenalice.com/game.php?id=1068247"]
[Date "2012.6.5"]
[Round "1"]
[White "AgronopoulusOnassis"]
[Black "Rubens2009"]
[Result "0-1"]
[WhiteElo "1723"]
[BlackElo "1853"]

1. e4 c5 2. c3 e6 3. d4 d5 4. exd5 Qxd5 5. Nf3 cxd4 6. Qxd4 Qxd4 7. Nxd4 Bc5 8.
Nb3 Bb6 9. Bb5+ Bd7 10. Bxd7+ Nxd7 11. O-O Ne7 12. N1d2 O-O 13. Nc4 Bc7 14. Rd1
Nb6 0-1

[Event "AUTO-ADV-2523"]
[Site "http://www.queenalice.com/game.php?id=1068248"]
[Date "2012.6.5"]
[Round "1"]
[White "Rubens2009"]
[Black "AgronopoulusOnassis"]
[Result "1-0"]
[WhiteElo "1864"]
[BlackElo "1712"]

1. e4 e5 2. Nf3 Nc6 3. Bc4 Nf6 4. Ng5 d5 5. exd5 Nxd5 6. d3 Na5 7. Qf3 Be6 8.
Nxe6 fxe6 9. Qh5+ g6 10. Qxe5 Qf6 11. Qxf6 Nxf6 12. Bxe6 1-0

[Event "AUTO-ADV-2407"]
[Site "http://www.queenalice.com/game.php?id=1068356"]
[Date "2012.6.5"]
[Round "2"]
[White "mtdfbsb"]
[Black "AgronopoulusOnassis"]
[Result "1-0"]
[WhiteElo "1871"]
[BlackElo "1620"]

1. d4 Nf6 2. c4 g6 3. Nc3 Bg7 4. e4 d6 5. f4 O-O 6. Nf3 Bg4 7. Be2 Na6 8. a3 c5
9. h4 cxd4 10. Nxd4 Bxe2 11. Qxe2 Nc5 12. b4 Nfxe4 13. Nxe4 Bxd4 14. Ra2 Nxe4
15. Qxe4 1-0

[Event "AUTO-ADV-2407"]
[Site "http://www.queenalice.com/game.php?id=1068357"]
[Date "2012.6.5"]
[Round "2"]
[White "AgronopoulusOnassis"]
[Black "mtdfbsb"]
[Result "0-1"]
[WhiteElo "1626"]
[BlackElo "1865"]

1. e4 e5 2. Nf3 Nc6 3. Bb5 a6 4. Bxc6 dxc6 5. O-O Bg4 6. h3 Bh5 7. c3 Qf6 8. d3
Bxf3 9. Qxf3 Qxf3 10. gxf3 Bc5 11. f4 O-O-O 12. Rd1 f6 13. fxe5 fxe5 14. Be3
Bxe3 15. fxe3 Rd6 16. d4 Rg6+ 0-1

[Event "AUTO-ADV-2407"]
[Site "http://www.queenalice.com/game.php?id=1068360"]
[Date "2012.6.5"]
[Round "2"]
[White "maurice91"]
[Black "AgronopoulusOnassis"]
[Result "1-0"]
[WhiteElo "1728"]
[BlackElo "1739"]

1. d4 Nf6 2. c4 g6 3. g3 Bg7 4. Nc3 O-O 5. Bg2 d6 6. e4 Nbd7 7. Nge2 c5 8. d5
Ne5 9. b3 Bd7 10. f4 Neg4 11. O-O a6 12. h3 Nh6 13. e5 Ne8 14. exd6 Nxd6 15. Rb1
1-0

[Event "AUTO-ADV-2407"]
[Site "http://www.queenalice.com/game.php?id=1068361"]
[Date "2012.6.5"]
[Round "2"]
[White "AgronopoulusOnassis"]
[Black "maurice91"]
[Result "0-1"]
[WhiteElo "1757"]
[BlackElo "1710"]

1. e4 c6 2. d4 g6 3. Nf3 Bg7 4. Nc3 d5 5. h3 dxe4 6. Nxe4 Bf5 7. Ng3 Qd7 8. Nxf5
Qxf5 9. Bd3 Qd7 10. c3 e6 11. Bf4 h6 12. O-O Nf6 13. Qd2 b5 14. Ne5 Qd5 15. Qc2
Nbd7 0-1

[Event "AUTO-ADV-2407"]
[Site "http://www.queenalice.com/game.php?id=1068362"]
[Date "2012.6.5"]
[Round "2"]
[White "RDario"]
[Black "AgronopoulusOnassis"]
[Result "1-0"]
[WhiteElo "1985"]
[BlackElo "1681"]

1. g4 g6 2. Bg2 Bg7 3. d4 Nf6 4. e4 d6 5. g5 Nfd7 6. Nc3 c5 7. d5 O-O 8. Nge2
Ne5 9. f4 Nc4 10. O-O Bg4 11. Bf3 Qd7 12. Ng3 Bd4+ 13. Kh1 1-0

[Event "AUTO-ADV-2407"]
[Site "http://www.queenalice.com/game.php?id=1068363"]
[Date "2012.6.5"]
[Round "2"]
[White "AgronopoulusOnassis"]
[Black "RDario"]
[Result "0-1"]
[WhiteElo "1677"]
[BlackElo "1989"]

1. e4 d6 2. d4 g6 3. Nf3 Bg7 4. Be2 Nc6 5. O-O Nf6 6. Nbd2 O-O 7. c3 e5 8. Bd3
Nd7 9. dxe5 Ndxe5 10. Be2 Qe7 11. Re1 f5 12. exf5 Bxf5 13. Nxe5 Nxe5 14. f4 Nf7
0-1